000 00983nam a2200289 a 4500
001 37151
003 BD-RjUL
005 20211209052601.0
008 141020r19631961enka b 000 0 eng d
020 _a0521042852
035 _a(OCoLC)ocm03182159
035 _a(BD-RjUL)37253
040 _aISE
_cISE
_beng
041 _aeng
082 _220
_a 592
_bBOI 1963
100 1 _aBorradaile, L. A.
_q(Lancelot Alexander),
_d1872-1945.
_9113606
245 1 4 _aThe invertebrata :
_ba manual for the use of students /
_cby the late L. A. Borradaile & F. A. Potts, with chapters by; L. E. S. Eastham and J. T. Saunders.
250 _a4th ed.,
260 _aCambridge [Eng.] :
_bUniversity Press,
_c c1961[reprint 1963, ]
300 _axvii, 820 p. :
_bill. ;
_c23 cm.
504 _aBibliography: p. [740]-789.
650 0 _aInvertebrates.
_9113607
700 _aPotts, F. A.
_9113608
700 _aEastham, L. E. S.
_9113609
700 _a Saunders, J. T.
_9113610
942 _2ddc
_cBK
999 _c37151
_d37151